| 000 | 01501nam0a22003731 4500 | ||
|---|---|---|---|
| 001 | v19\rc\1827007 | ||
| 005 | 20260406073109.0 | ||
| 035 | _a(NLR Aleph) 004923626 | ||
| 090 |
_a5604659 _c5604659 |
||
| 100 | _a20071224d1908 |||y0rusy50 ca | ||
| 101 | 0 | _arus | |
| 102 | _aRU | ||
| 105 | _aac z |||a| | ||
| 200 | 1 |
_aДва регентства _eИст. повесть для юношества _eС 12 отд. картинами и портр. _f[В.П. Авенариус] |
|
| 210 |
_aСанкт-Петербург _cКн. маг. П.П.[!] Луковникова _d[1908] |
||
| 215 |
_a273 с., [12] л. ил., портр. _cвиньетки _d22 |
||
| 225 | 1 |
_aПод немецким ярмом _eДве исторические повести В.П. Авенариуса _v2 |
|
| 300 | _aНа обл.: Изд. кн. маг. П.В. Луковникова | ||
| 300 | _aАвт. указан на 2-м тит. л. | ||
| 300 | _aОбщ. загл. на особом тит. л. | ||
| 700 | 1 |
_8rus _7ca _aАвенариус _bВ. П. _gВасилий Петрович _f1839-1923 _3RU\NLR\AUTH\7731153 _914164 |
|
| 801 | 0 |
_aRU _bNLR _gpsbo |
|
| 801 | 0 |
_aRU _bRuMoRGB _2psbo |
|
| 801 | 1 |
_aRU _bProSoft-M _2rusmarc |
|
| 801 | 2 |
_aRU _bNLR _c20140218 _2rusmarc |
|
| 852 |
_aNLR _j130/2467(2) |
||
| 852 |
_aNLR _j38.71.2.34(2) |
||
| 899 |
_aRuMoRGB _jU 20/46 |
||
| 899 |
_aRuMoRGB _jR 284/221 |
||
| 899 |
_aRuMoRGB _jU 282/359 |
||
| 899 |
_aRuMoRGB _jРб 11/852 |
||
| 899 | _aБАН | ||
| 942 | _cBOOK | ||
| 980 | _aNB | ||